00232nam a22000857a 4500100001500000100001100015245006900026300000900095700004200104 aZia Arham  a10ME97 aImpact of Bio-Diesel Blend on Diesel Engine Using Variable Load  a92p. aDepartment of Mechanical Engineering